000 00294nam a22001457a 4500
008 230703b ||||| |||| 00| 0 eng d
020 _a2129997337
041 _aeng
080 _a7
082 _a7LED
100 _a19
101 _aART
245 _aSCULPTURE
_cLEDRAY.CH
942 _2udc
_cBK
999 _c60077
_d60077